Ngô Vương Quyền (Tiểu thuyết lịch sử)

Gorde:
Xehetasun bibliografikoak
Egile nagusia: Trần Thanh Mại
Formatua: Liburua
Hizkuntza:Undetermined
Argitaratua: Sài Gòn Tân Việt 1957
Gaiak:
Etiketak: Etiketa erantsi
Etiketarik gabe, Izan zaitez lehena erregistro honi etiketa jartzen!
Thư viện lưu trữ: Trung tâm Học liệu Trường Đại học Cần Thơ
LEADER 00497nam a2200169Ia 4500
001 CTU_22965
008 210402s9999 xx 000 0 und d
082 |a 809.3081 
082 |b M103 
100 |a Trần Thanh Mại 
245 0 |a Ngô Vương Quyền (Tiểu thuyết lịch sử) 
245 0 |c Trần Thanh Mại 
260 |a Sài Gòn 
260 |b Tân Việt 
260 |c 1957 
650 |a vietnamese fiction 
980 |a Trung tâm Học liệu Trường Đại học Cần Thơ